000 00301nam a22001337a 4500
003 SGT
020 _a9789391910457
082 _a615.19
_bCHA
100 _aCHAWLA POOJA A
245 _aPHARMACEUTICAL ORGANIC CHEMISTRY -I
260 _aINDIA
_bPHARMA MED
_c2026
300 _a171
942 _2ddc
_cBK
999 _c34466
_d34466